000 00936nam a2200265Ia 4500
003 OSt
005 20221005105556.0
006 a|||||r|||| 00| 0
007 ta
008 221004b |||||||| |||| 00| 0 hin d
020 _a9788183615860 (hbk)
_c350
024 _a8296
037 _b218, 28/11/2013, Eastern Book Linkers
_cTextual
040 _aCRL
_cCRL
_bhin
041 _2hin
_ahin
082 _aO152,3:g, Q3
100 _aगुप्त, शंभु
245 0 _aकहानी
_b वस्तु और अन्तर्वस्तु
246 _aKahānī: vastu aur antarvastu
260 _aनई दिल्ली
_bराधाकृष्ण भारत
_c2013
300 _a215पृ0
_ccm.
650 _aहिन्दी साहित्य
942 _hO152,3:g, Q3
_cTEXL
_2cc
999 _c1016222
_d1016222